Quizzes
Events
Quiz Creation
Community
Videos
Private Events
Remove Ads
Sign In
Join for FREE
Feedback
Dark Mode
Quiz Categories
Sports
Geography
Music
Movies
Television
Just For Fun
Miscellaneous
History
Literature
Language
Science
Gaming
Entertainment
Religion
Holiday
For Kids
Quiz Lab
Recent
Popular Today
Quiz Kudos Today
Editor Picks
Curator Picks
Quizzes by...
Day
Popularity
Type
Ratings
Length
Year
Community
Subscriptions
Recent Discussions
Orange Saloon
Badges
Playlists
Quests
Create
Leaderboards
Showdown
Live 5
Trivia Bingo
Activity
Puzzle Library
Sporcle Events
Private Events
Virtual Trivia
Globe League
Become a Host
Pub Owners
SporcleCon
Opinionation
Our Games
Videos
Blog
Mobile Apps
Partnerships
Remove Ads and Go Orange
Feedback
Sports
Athletes
MLB
NBA
NHL
NFL
Soccer
Sports Teams
WWE
NCAA
Football
Premier League
Basketball
Baseball
Hockey
Golf
Tennis
Cricket
Rugby
Auto Racing
Olympics
World Cup
Sports
Athletes
MLB
NBA
NHL
NFL
Soccer
Sports Teams
WWE
NCAA
Football
Premier League
Basketball
Baseball
Hockey
Golf
Tennis
Cricket
Rugby
Auto Racing
Olympics
World Cup
Random Quiz
Search Sporcle
×
Quiz Lab
Quiz Lab
Sports
Football
Type in answers that appear in a list
Type in answers that appear in a list
Classic
Best Score? Go Orange.
Manchester United Squad 2011/2012 Stats
Can you name the Manchester United Squad 2011/2012?
By
Luk88
5m
38 Questions
951 Plays
951 Plays
951 Plays
Comments
Comments
Give Quiz Kudos
Give Quiz Kudos
-
- Ratings
hide this ad
More Info
Replay
Link that replays current quiz
Next Quiz
Link to next quiz in quiz playlist
You Got
0%
They Got
Avg Score
72%
Avg Friend Score
Upgrade to see
Score Distribution
Jump to the score distribution portion of the page
Score
0/38
Timer
05:00
0
Plays Today
Number
Player
% Correct
10, ST
Wayne Rooney
98.4%
1, GK
David de Gea
96.8%
3, DF
Patrice Evra
95.4%
11, MF
Ryan Giggs
95.3%
17, MF
Nani
94.8%
5, DF
Rio Ferdinand
94.6%
15, DF
Nemanja Vidic
94.3%
13, MF
Park Ji-Sung
94.1%
14, ST
Javier Hernandez
94%
9, ST
Dymitar Berbatov
93.9%
8, MF
Anderson
90.1%
21, DF
Rafael da Silva
90%
25, MF
Antonio Valencia
89.9%
20, DF
Fábio da Silva
89.8%
16, MF
Michael Carrick
89.1%
4, DF
Phil Jones
89%
19, ST
Danny Welbeck
85.8%
24, MF
Darren Fletcher
85.2%
7, ST
Michael Owen
84%
Number
Player
% Correct
12, DF
Chris Smalling
84%
6, DF
Jonny Evans
82.9%
18, MF
Ashley Young
80.7%
27, ST
Federico Macheda
76.3%
34, GK
Anders Lindegaard
66%
23, MF
Tom Cleverley
63.7%
28, MF
Darron Gibson
63.3%
32, ST
Mame Biram Diouf
62%
40, GK
Ben Amos
61%
42, MF
Paul Pogba
53.9%
33*, ST
Bébé
50.2%
29, GK
Tomasz Kuszczak
47.1%
30*, DF
Ritchie De Laet
43.6%
49, MF
Ravel Morrison
33.2%
41*, ST
Joshua King
32.5%
0, GK
Sam Johnstone
21.3%
47*, MF
Oliver Norwood
21%
37*, DF
Robbie Brady
21%
46*, MF
Ryan Tunnicliffe
18.3%
Quiz Playlist
Details
Report
Send in Message
Add To Playlist
More Info:
*- PLAYERS ON LOAN
Classic:
Type in answers that appear in a list
Quiz Source
Last Updated: Feb 16, 2017
Quiz Scoreboard
CHALLENGE
Sign Up to Join the Scoreboard
Show All
Scores
Hide
Comments
May contain spoilers
Recently Published
Click the 1999 NBA Draft
by nibperrychub
Sports
2m
Alphabetical 'K' Countries by Flag Minefield
by ylime102
Geography
3m
Pick 6: Fruits
by JohnFran
Miscellaneous
15s
More to Explore
Quiz From the Vault
Featured Blog Post
15 Basketball Trivia Facts You Can Be March Mad About
hide this ad
You Might Also Like...
Tags
Football Quiz
Premier League Quiz
2011
2012
Football Clubs
Footballer
Manchester United
Squad
Today's Top Quizzes in Sports
Browse Sports
hide this ad
Today's Top Quizzes in Football
Browse Football
Top Contributed Quizzes in Sports
1
Pick 6: NFL Teams
2
MLB 2 truths and a lie: Hall of Fame pitchers
3
Les joueurs à 100 buts en Ligue 1 Uber Eats
4
Don't Strike Out: 3000 Strikeouts
5
Criteria MLB: Left Handed Sluggers
6
Pick 6: Minor League Baseball
7
2022 World Cup Stars
8
Click the 1998 NBA Draft
9
Millionaire: NBA Finals Edition
10
MLB Players with Two .350 Batting Average Seasons
Explore More
Trending Topics
NBA
Crossword
Kpop
Marvel
Disney
Harry Potter
Anime
The Office
Puzzle
Soccer
Country
NFL
Pokémon
Song
WWE
hide this ad
More By:
Luk88
Quiz
Plays
Rating
Category
Featured
Created
Manchester United Squad 2011/2012
951
4.00
Sports
Aug 4, 2011
Copa America XI's: 2011
624
4.80
Sports
Jul 25, 2011
South American Players in Premier League 2011/2012
465
3.33
Sports
Jul 31, 2011
Manchester United Transfers Summer 2011
210
5.00
Sports
Jul 8, 2011
New Zealand players in English Football
92
5.00
Sports
Aug 1, 2011
Go to Creator's Profile
Score Distribution
Quiz Creator Spotlight
Luk88
Follow
Send a Message
Quizzes Created
-
Created Quiz Play Count
-
More By This Creator
Popular Quizzes Today
1
Find the US States - No Outlines Minefield
2
Countries of Asia Without Outlines Minefield
3
Pick 6: Fruits
4
Alphabetical 'K' Countries by Flag Minefield
5
The Countries of the World
6
Find the US States
7
Match the Book to the Film X
8
Click the 1999 NBA Draft
More Sports Quizzes
Multiple Pitching Winners (Cy Young & World Series)
Curator's Pick
Trending Quizzes
Pick 6: Harry Potter
Pick 6: Mountains
Pick 6: NFL Teams
Pick 6: Movie Franchises
Pick 6: Golfers
Recently Updated
Women's Final Four Teams by Year
bhenderson79
Presidents Quartet II
eogle
Anything But Clue(do)
eogle
Anything But Oceanian Capitals
eogle
Anything But 7
eogle
Anything But Thing
eogle
Word Ladder: February 29
pecheneg
Song Title Questions
pecheneg
Women's NCAA Tournament #1 Seeds
pecheneg
Celebrity Mug Shots
pecheneg
Trending Topics
Disney
Crossword
Harry Potter
Kpop
Anime
NBA
Marvel
Soccer
Song
WWE
NFL
Country
Pokémon
The Office
Puzzle
Your Account Isn't Verified!
In order to create a playlist on Sporcle, you need to verify the email address you used during registration. Go to your
Sporcle Settings
to finish the process.
Report this User
Report this user for behavior that violates our
Community Guidelines
.
Details:
Send Report
Go to the Sporcle.com Mobile Site →
Comments